| 000 | 00937nam a2200277Ia 4500 | ||
|---|---|---|---|
| 003 | OSt | ||
| 005 | 20220918171052.0 | ||
| 006 | a|||||r|||| 00| 0 | ||
| 007 | ta | ||
| 008 | 220917b |||||||| |||| 00| 0 eng d | ||
| 020 |
_a9781138639935 (hbk) _c995 |
||
| 024 | _a289,810 | ||
| 037 |
_b233/2015-16, 18/03/2016, Excel Book International _cTextual |
||
| 040 |
_aARTS _cARTS _beng |
||
| 041 |
_2eng _aeng |
||
| 082 | _aV243:1.N, Q6 | ||
| 100 |
_aKalra Virinder S. Ed. _933826 |
||
| 245 | 0 |
_aState of subversion _b Radical politcs in Punjab in the 20th century |
|
| 260 |
_aNew Delhi _bRoutledge India _c2016 |
||
| 300 |
_aviii, 264p. _ccm. |
||
| 490 | _aSouth asian history and culture | ||
| 650 | _aHISTORY | ||
| 700 |
_a Sharma Shalini Ed. _933827 |
||
| 942 |
_hV243:1.N, Q6 _cTEXL _2CC |
||
| 999 |
_c137702 _d137702 |
||